000 00581nam a22002057a 4500
003 OSt
005 20151125151113.0
008 151125b xxu||||| |||| 00| 0 eng d
020 _a0415142210
040 _cDDC
082 _a370.71COH 2002
100 _aCohen,Louis;Manion,Lawrence;Marisson,Keith.
_96288
245 _aA guide to teaching practice;
250 _a4th ed
260 _aLondon New York;
_bRoutledge,Falmer.
_c2002
300 _axvi,494p;
_bill;
_c27cm
504 _aNotes,Bibliography and indexes are included.
650 _aEducation.
_91404
942 _2ddc
_cSLOAN
999 _c2678
_d2678